Aajad sharnarthi tibbat ke dalai lama atma katha (Record no. 501885)

000 -LEADER
fixed length control field 00367cam a22001217a 4500
008 - FIXED-LENGTH DATA ELEMENTS--GENERAL INFORMATION
fixed length control field 180718b1990 xxu||||| |||| 00| 0 eng d
100 ## - MAIN ENTRY--PERSONAL NAME
Personal name Krant, Vijay
245 ## - TITLE STATEMENT
Title Aajad sharnarthi tibbat ke dalai lama atma katha
Statement of responsibility, etc. edited by Vijay Kranti
260 ## - PUBLICATION, DISTRIBUTION, ETC.
Place of publication, distribution, etc. New Delhi
Name of publisher, distributor, etc. Paljor Publications
Date of publication, distribution, etc. 1990
300 ## - PHYSICAL DESCRIPTION
Extent 238p.
650 ## - SUBJECT ADDED ENTRY--TOPICAL TERM
Topical term or geographic name entry element India
650 ## - SUBJECT ADDED ENTRY--TOPICAL TERM
Topical term or geographic name entry element Dalai lama - autobiography
Holdings
Withdrawn status Lost status Damaged status Not for loan Permanent Location Current Location Date acquired Barcode Date last seen Price effective from Koha item type
        Indian Institute of Public Administration Indian Institute of Public Administration 2018-08-04 GR16766 2018-08-04 2018-08-04 GR

Powered by Koha